=LDR 00000nam 2200000 4500 =001 INLIS000000000015596 =005 20130612110855 =008 ***********************************Indo** =035 ##$$0010-061300000015596 =041 ##$$a Indo =082 ##$$a 028.5 =090 ##$$a 028.5, Sai p =100 ##$$a Saidi Muhammad =245 ##$$a Pesan Desa Tertinggal, Penunjang Pelajaran IPA, Muhammad Saidi =260 ##$$a 1997 $b Surabaya =300 ##$$a vi 94 hlm, ilus, 20 cm =650 ##$$a Bacaan Kanak-Kanak =850 ##$$a NBPNMAT